[Event "ESP-ch Veterans"]
[Site "Sabadell"]
[Date "2009.12.18"]
[Round "7"]
[White "Espau Guillem, Josep"]
[Black "Serra Olives, Tomas"]
[Result "1/2-1/2"]
[WhiteElo "2003"]
[BlackElo "2143"]
[PlyCount "85"]
[EventDate "2009.12.12"]
[EventType "swiss"]
[EventRounds "7"]
[EventCountry "ESP"]
[SourceTitle "CBM 133 Extra"]
[Source "ChessBase"]
[SourceDate "2010.01.05"]
[SourceVersion "1"]
[SourceVersionDate "2010.01.05"]
[SourceQuality "1"]

1. d4 Nf6 2. Nf3 e6 3. c4 c5 4. d5 exd5 5. cxd5 g6 6. Nc3 d6 7. Bg5 Bg7 8. e4 a6 9. a4 Bg4 10. Be2 0-0 11. 0-0 Re8 12. Qc2 Nbd7 13. Rfe1 Qc7 14. Nd2 Bxe2 15. Rxe2 h6 16. Bh4 g5 17. Bg3 Nh5 18. Nc4 Nxg3 19. hxg3 Ne5 20. Ne3 c4 21. Rd1 Nd3 22. Nf5 Qc5 23. Nxg7 Kxg7 24. Rxd3 cxd3 25. Qxd3 f6 26. Nd1 Rac8 27. Ne3 Re5 28. Nf5+ Kf8 29. Qf3 Qc1+ 30. Kh2 Qd1 31. Qh5 Rc1 32. Qxh6+ Ke8 33. Qg6+ Kd7 34. Qf7+ Kd8 35. Qxf6+ Kc8 36. Qf8+ Kc7 37. Qxd6+ Kc8 38. Qf8+ Kd7 39. Qd6+ Kc8 40. Qf8+ Kd7 41. Qd6+ Kc8 42. Qf8+ Kd7 43. Qd6+ 1/2-1/2

[Event "ESP-ch Veterans"]
[Site "Sabadell"]
[Date "2009.12.16"]
[Round "5"]
[White "Aguera Martinez, Joaquin"]
[Black "Espau Guillem, Josep"]
[Result "1/2-1/2"]
[WhiteElo "2112"]
[BlackElo "2003"]
[PlyCount "118"]
[EventDate "2009.12.12"]
[EventType "swiss"]
[EventRounds "7"]
[EventCountry "ESP"]
[SourceTitle "CBM 133 Extra"]
[Source "ChessBase"]
[SourceDate "2010.01.05"]
[SourceVersion "1"]
[SourceVersionDate "2010.01.05"]
[SourceQuality "1"]

1. e4 d5 2. Nf3 dxe4 3. Ng5 h6 4. Nxe4 Bf5 5. Qf3 Qc8 6. Nbc3 c6 7. d4 Nf6 8. Bc4 e6 9. Nxf6+ gxf6 10. Ne4 Nd7 11. Bf4 Bxe4 12. Qxe4 Nb6 13. Bb3 Qd7 14. 0-0-0 0-0-0 15. c4 a5 16. a3 a4 17. Ba2 Be7 18. Qc2 f5 19. h4 Bd6 20. Bd2 Bc7 21. Ba5 Na8 22. Bc3 Rhg8 23. Qxa4 Nb6 24. Qa7 Rxg2 25. Ba5 Rxf2 26. Bxb6 Bxb6 27. Qxb6 Qd6 28. d5 Qf4+ 29. Kb1 Qf3 30. Rc1 Rd7 31. Rhg1 Rg2 32. Rxg2 Qxg2 33. Rg1 Qe4+ 34. Ka1 Rd8 35. a4 exd5 36. cxd5 Qxa4 37. Rc1 Rxd5 38. Qe3 Rd1 39. Qxh6 Rxc1+ 40. Qxc1 Qxh4 41. Bxf7 Qa4+ 42. Ba2 Kb8 43. Qe1 f4 44. Qf1 Qd4 45. Bc4 Qe3 46. Qd3 f3 47. Ka2 Qe1 48. Qc2 f2 49. Qd3 Qa5+ 50. Kb1 Qc5 51. Qe2 Kc7 52. Bd3 b5 53. Qe4 Kb7 54. Qf4 Kb6 55. Qf7 Ka6 56. Qf4 Kb7 57. Qf7+ Kb6 58. Qf4 Kb7 59. Qf7+ Kb6 1/2-1/2

[Event "Catalunya-chT"]
[Site "Spain"]
[Date "2004.??.??"]
[Round "?"]
[White "Espau Guillem, Josep"]
[Black "Gonzalez Garcia, Marc"]
[Result "1/2-1/2"]
[WhiteElo "2057"]
[BlackElo "2075"]
[PlyCount "38"]
[EventDate "2004.??.??"]
[EventType "team"]
[EventRounds "9"]
[EventCountry "ESP"]
[SourceTitle "EXT 2007"]
[Source "ChessBase"]
[SourceDate "2006.11.23"]
[SourceVersion "1"]
[SourceVersionDate "2006.11.23"]
[SourceQuality "1"]

1. e4 Nf6 2. e5 Nd5 3. Nc3 Nxc3 4. dxc3 d6 5. Bf4 Nc6 6. Bb5 Bd7 7. Qe2 a6 8. Bc4 e6 9. Nf3 Be7 10. 0-0 g5 11. Bg3 h5 12. exd6 cxd6 13. Rad1 g4 14. Nd4 d5 15. Bd3 Qb6 16. Nxc6 Bxc6 17. Qe5 0-0-0 18. b4 h4 19. Bf4 Bd6 1/2-1/2

[Event "Catalunya-chT"]
[Site "Spain"]
[Date "1999.??.??"]
[Round "1"]
[White "Gomez Jurado, Luis Alberto"]
[Black "Espau Guillem, Josep"]
[Result "1-0"]
[WhiteElo "2375"]
[BlackElo "2115"]
[PlyCount "73"]
[EventDate "1999.??.??"]
[EventType "team"]
[EventRounds "9"]
[EventCountry "ESP"]
[SourceTitle "EXT 2000"]
[Source "ChessBase"]
[SourceDate "1999.11.16"]
[SourceVersion "1"]
[SourceVersionDate "1999.11.16"]
[SourceQuality "1"]

1. d4 d5 2. Nf3 Nf6 3. c4 e6 4. Nc3 Be7 5. Bg5 h6 6. Bxf6 Bxf6 7. cxd5 exd5 8. b4 c6 9. Rc1 0-0 10. e3 Bf5 11. Be2 Qd6 12. b5 Nd7 13. 0-0 Rfc8 14. Qb3 Nb6 15. Rfd1 Bd7 16. a4 cxb5 17. axb5 Bf5 18. Ne1 Be7 19. Bd3 Be6 20. Bb1 Qa3 21. Qc2 g6 22. Nd3 Bf5 23. Qd2 Bxd3 24. Qxd3 Bb4 25. Ne2 Qxd3 26. Bxd3 Rxc1 27. Rxc1 Rc8 28. Ra1 Ra8 29. f3 Kf8 30. Kf2 Ke7 31. h4 Kd6 32. h5 g5 33. Ng3 Ke6 34. Nf5 a5 35. bxa6 bxa6 36. Nxh6 a5 37. Nf5 1-0

[Event "Catalunya-chT"]
[Site "Spain"]
[Date "1999.??.??"]
[Round "6"]
[White "Pisa Ferrer, Jose"]
[Black "Espau Guillem, Josep"]
[Result "1-0"]
[WhiteElo "2345"]
[BlackElo "2115"]
[PlyCount "81"]
[EventDate "1999.??.??"]
[EventType "team"]
[EventRounds "9"]
[EventCountry "ESP"]
[SourceTitle "EXT 2000"]
[Source "ChessBase"]
[SourceDate "1999.11.16"]
[SourceVersion "1"]
[SourceVersionDate "1999.11.16"]
[SourceQuality "1"]

1. e4 c5 2. Nf3 Nc6 3. c3 d5 4. exd5 Qxd5 5. d4 Bg4 6. Be2 cxd4 7. cxd4 e6 8. Nc3 Bb4 9. 0-0 Qd7 10. a3 Be7 11. Ne5 Nxe5 12. dxe5 Qxd1 13. Bxd1 Bxd1 14. Rxd1 Rc8 15. Be3 a6 16. Ne4 Nh6 17. Rac1 Rxc1 18. Bxc1 Nf5 19. g4 Nh4 20. f4 h5 21. g5 Nf5 22. Bd2 0-0 23. Bb4 Rd8 24. Bd6 Kf8 25. Kf2 Ke8 26. b4 b6 27. Rc1 Bxd6 28. exd6 Nxd6 29. Ng3 g6 30. Rc6 Nc8 31. Ne4 Kd7 32. Rc3 Nd6 33. Nf6+ Ke7 34. Rc7+ Kf8 35. a4 Ne8 36. Rc6 Kg7 37. Nxe8+ Rxe8 38. Rxb6 Ra8 39. Ke3 Ra7 40. Kd4 f6 41. Rxe6 1-0